English Lyrics in Dalla Dalla by Itzy - Statistics

General Stats
  • This quiz has been taken 33 times
  • The average score is 64 of 103
Answer Stats
Answer % Correct
I
96%
The
92%
At
88%
Don’t
88%
Me
88%
So
88%
And
83%
I’m
83%
Look
83%
People
83%
Tell
83%
They
83%
What
83%
Care
79%
Really
79%
Am
71%
Sorry
71%
My
63%
Way
63%
Bad
58%
Got
58%
Love
58%
We
58%
Just
54%
Myself
54%
Your
54%
Back
50%
Keep
50%
Up
50%
Head
46%
On
46%
Say
46%
Yeah
46%
Dreamin’
42%
Life
42%
Chin
38%
To
33%
Dreaming
29%
Talkin’
29%
Hey
25%
Everybody
17%
Woah
17%
(Be-be-be-because)
0%
No matching quizzes found
Score Distribution
Percent of People with Each Score
Percentile by Number Answered
Your Score History
You have not taken this quiz